000 00789nam a2200241 i 4500
001 C2-0300957
003 PPAK
005 20180728082350.0
008 091130s2009 my |||| ||||| | may d
040 _aPPAK
_beng
_cPPAK
_erda
082 0 4 _a304.8
_223
090 0 0 _a304.8
_bHAS
_dKK
100 0 _aHaslinda bt Haji Hasan,
_eauthor
245 1 0 _aSejarah migrasi penduduk Acheh ke kedah :
_bDalam konteks hubungan Kedah-Acheh
264 1 _aAlor Setar, Kedah :
_bPerbadanan Perpustakaan Awam Kedah ,
_c2009
300 _a30 pages ;
_c30 cm
336 _2rdacontent
_atext
337 _2rdamedia
_aunmediated
338 _2rdacarrier
_avolume
500 _aKertas Kerja : Wacana Warisan Negeri Kedah Darul Aman 11-12 Mac 2009
650 1 0 _aEmigration and Immigration
942 _ddc
_cB
999 _c104782
_d104782